00579 2200169 4500001002100000005001500021035002000036007000300056008003900059082000700098084001300105100002000118245018300138260004600321650002700367990001500394INLIS00000000000988820260415090224 a0010-0426000233ta260415 | | |  a12 a12 INE p0 aINEKE INDRIYANI1 aPERSEPSI MAHASISWA TINGKAT AKHIR UNIVERSITAS MUHAMMADIYAH PALANGKA RAYA TERHADAP AKTIVITAS VERBAL ABUSE (UNGKAPAN KASAR) DI GAME ONLINE MOBILE LEGEND BANG BANG /cINEKE INDRIYANI aPALANGKA RAYA :bPERPUSTAKAAN UMPR,c2026 4aAKTIVITAS VERBAL ABUSE a2112025138